Función normativa de la nulidad

Guardat en:
Dades bibliogràfiques
Autor principal: Maier, Julio Bernardo José (autor)
Format: Llibre
Idioma:espanyol
Publicat: Buenos Aires Ediciones Depalma 1980
Edició:1a. ed
Col·lecció:Biblioteca de Ciencias Penales, 4
Matèries:
Etiquetes: Afegir etiqueta
Sense etiquetes, Sigues el primer a etiquetar aquest registre!

MARC

LEADER 00000cam a2200000 a 4500
001 UCC5240
003 CL-VaPUC
008 180927e19800000ag |||||||||||||||||spa|d
082 0 4 |a 347.05  |b MAI  |2 21 
100 |a Maier, Julio Bernardo José  |e autor  |9 620505 
245 1 0 |a Función normativa de la nulidad 
250 |a 1a. ed 
300 |a 143 p 
942 |c BK 
945 |d 20180927 22:58:00  |a dcastane 
260 |a Buenos Aires  |b Ediciones Depalma  |c 1980 
650 0 |a Derecho procesal penal  |9 255496 
650 0 |a Nulidad procesal   |9 336734 
583 |a last modification  |c 20180927 22:58:00  |k Rodrigo Vera 
490 0 |a Biblioteca de Ciencias Penales, 4 
999 |c 372496  |d 372494 
952 |0 0  |1 0  |3 erb  |4 0  |6 347_050000000000000_MAI_1980  |7 0  |8 A  |9 490172  |a BIBDER  |b BIBDER  |e Mateluna Arestizabal, Alfredo Sergio  |i 5490200  |o 347.05 MAI 1980  |p 5490200  |r 2023-01-25  |w 2019-11-24  |y BK  |z Catalogado en:20180927  |k DER